000 01333nam a22003137a 4500
999 _c28193
_d28164
003 EG-ScBUE
005 20200302145909.0
008 200219s2020 ua f b 000 0 ara d
017 _a2019 / 17155
020 _a9789777613613
040 _aEG-ScBUE
_bara
_erda
_cEG-ScBUE
_dEG-ScBUE
082 0 4 _a346.04344
_bص ب ر
_222
100 1 _aصبري، فيصل أحمد عبد الله،
_eمؤلف.
245 1 0 _aدور عقد الامتياز التجاري (Franchise) في نقل التكنولوجيا /
_cدكتور فيصل أحمد عبد الله الصبري، دكتوراه في القانون التجاري - جامعة المنصورة.
250 _aالطبعة الأولى.
264 1 _aالقاهرة :
_bالمركز القومي للإصدارات القانونية،
_c2020.
300 _a361 صفحة ؛
_c24 سم
336 _2rdacontent
_aنص
_btxt
337 _2rdamedia
_aبدون وسيط
_bn
338 _2rdacarrier
_aمجلد
_bnc
504 _aيشتمل على إرجاعات ببليوجرافية.
541 _aBook Fair, 2020
650 7 _aعقود الإيجار
_xقوانين وتشريعات.
_2BUEsh
650 7 _aالإيجارات
_xقوانين وتشريعات.
_2BUEsh
_940891
651 _2BUEsh
653 _bLLAAWW
_cMarch2020
655 _vReading book
_934232
942 _2ddc